000
00210 a2200097 4500
001
53366
100
_a
Lee, W C Y
245
_a
Mobile Communicaion Engg
260
_a
N
_b
Mc Graw Hill
_c
090
_c
33615
_d
33615
942
_a
NUST-CAE
_c
M
_c
26242
999
_c
288439
_d
288439